|
|
|
|
| LEADER |
00000nab a2200000ua 4500 |
| 001 |
vtls010832163 |
| 003 |
SK-MaSNL |
| 005 |
20260303103205.0 |
| 008 |
230121s1998 xo |||||||||||||||||slo| |
| 035 |
|
|
|a (urnnbn)urn:nbn:sk:snk:ar-a06kfk
|
| 035 |
|
|
|a urn:nbn:sk:snk-ab5wvs
|
| 035 |
|
|
|a (uuid)764333eb-99d7-4a09-9679-d32639e8c737
|
| 040 |
|
|
|a SNKBUCL
|b slo
|c SNKBUCL
|e AACR2
|
| 041 |
0 |
|
|a slo
|
| 044 |
|
|
|a xo
|c SK
|
| 100 |
1 |
|
|a Fetkovičová, Blanka
|4 aut
|9 787679
|
| 245 |
1 |
0 |
|a Doterajšie skúsenosti z uplatňovania zákona č. 212/1997 Z. z. o povinnom výtlačku v Štátnej krajskej knižnici Michala Rešetku v Trenčíne
|c Blanka Fetkovičová
|
| 773 |
0 |
|
|t Bulletin Slovenskej asociácie knižníc
|g Roč. 6, č. 1 (1998), s. 14-15
|
| 954 |
|
|
|a odborná, vedecká literatúra pôvodná (slovenská)
|2 lita
|
| 958 |
|
|
|a OND
|
| 958 |
|
|
|a EUIPO
|
| 958 |
|
|
|a article5
|
| 999 |
|
|
|c 1848044
|d 1849974
|